[Event "Championnat de France Juniors"]
[Site "MONTBELIARD"]
[Date "2014.04.24"]
[Round "6.6"]
[White "Colin, Phanie"]
[Black "Monpeurt, Cyrielle"]
[Result "0-1"]
[WhiteElo "1745"]
[BlackElo "2028"]
[PlyCount "88"]
[EventDate "2014.??.??"]

1. e4 d5 2. exd5 Nf6 3. Nc3 Nxd5 4. d4 Bf5 5. Bc4 e6 6. Nge2 Bb4 7. Bd2 c6 8.
Nxd5 Bxd2+ 9. Qxd2 cxd5 10. Bd3 Bxd3 11. Qxd3 Nc6 12. c3 Qb6 13. O-O O-O 14.
Rab1 Rac8 15. Nf4 Qc7 16. Qg3 b5 17. a3 Na5 18. Nd3 Qxg3 19. hxg3 Nc4 20. Rfd1
Rb8 21. Ra1 a5 22. Ra2 Rfc8 23. Re1 Kf8 24. b3 Nd6 25. Nc5 Ke7 26. f3 Nb7 27.
b4 a4 28. Re5 Nd6 29. Kf2 Nc4 30. Ree2 Kd6 31. f4 g5 32. Kf3 Rg8 33. Nd3 Rg7
34. Ne5 gxf4 35. Nxc4+ dxc4 36. Kxf4 Rbg8 37. Rf2 Rxg3 38. Rf3 Rxg2 39. Ra1
R8g4+ 40. Ke3 Rc2 41. Rxf7 Rxc3+ 42. Kf2 h5 43. Rh7 h4 44. Rh5 h3 0-1

[Event "Championnat de France Juniors"]
[Site "MONTBELIARD"]
[Date "2014.04.24"]
[Round "6.7"]
[White "Afraoui, Solenn"]
[Black "Haddad, Samia"]
[Result "1-0"]
[WhiteElo "2012"]
[BlackElo "1637"]
[PlyCount "43"]
[EventDate "2014.??.??"]

1. e4 e6 2. d4 d5 3. Nc3 Bb4 4. exd5 exd5 5. Bd3 Be6 6. a3 Be7 7. Nf3 a6 8. O-O
g5 9. Ne5 h5 10. f4 g4 11. f5 Bc8 12. Qe2 c6 13. f6 Nxf6 14. Rxf6 Be6 15. Rf1
Qb6 16. Qf2 Kd8 17. Bd2 h4 18. Na4 Qc7 19. Nxf7+ Bxf7 20. Qxf7 Nd7 21. Rae1 Bd6
22. Bg5+ 1-0

[Event "Championnat de France Juniors"]
[Site "MONTBELIARD"]
[Date "2014.04.24"]
[Round "6.8"]
[White "Griggio, Julie"]
[Black "Lebret, Loriane"]
[Result "1/2-1/2"]
[WhiteElo "1847"]
[BlackElo "1686"]
[PlyCount "103"]
[EventDate "2014.??.??"]

1. e4 e5 2. Nf3 Nc6 3. Nc3 Nf6 4. d4 Bb4 5. Bg5 h6 6. Bxf6 Qxf6 7. a3 exd4 8.
Nxd4 Qxd4 9. Qxd4 Nxd4 10. axb4 Nxc2+ 11. Kd2 Nxa1 12. Bc4 O-O 13. Rxa1 c6 14.
b5 b6 15. f4 Bb7 16. Ke3 Rfe8 17. Kf2 Red8 18. g3 Rf8 19. h4 g6 20. g4 Kg7 21.
Kg3 f5 22. gxf5 gxf5 23. e5 Rfd8 24. Rg1 d5 25. Kf2+ Kf7 26. Bd3 d4 27. Bc4+
Kf8 28. Rg8+ Ke7 29. Rg7+ Ke8 30. Nd1 Rd7 31. Rg8+ Ke7 32. Rg7+ Kd8 33. Rg6 Rh7
34. bxc6 Bc8 35. Bg8 Rh8 36. Bd5 Ba6 37. c7+ Kxc7 38. Bxa8 Rxa8 39. Rxh6 Rg8
40. Rd6 Rg4 41. Rxd4 Rxh4 42. b4 Rh2+ 43. Kg3 Re2 44. Kh4 Bc8 45. Nc3 Rg2 46.
Nb5+ Kb8 47. Nd6 Be6 48. Kh3 Rg1 49. Ne8 Kb7 50. Nf6 Ka6 51. Rd6 Bb3 52. Rd3
1/2-1/2

[Event "Championnat de France Juniors"]
[Site "MONTBELIARD"]
[Date "2014.04.24"]
[Round "6.9"]
[White "Lecland, Elodie"]
[Black "Soriano, Manon"]
[Result "1-0"]
[WhiteElo "1691"]
[BlackElo "1615"]
[PlyCount "69"]
[EventDate "2014.??.??"]

1. e4 c6 2. d4 d5 3. exd5 cxd5 4. Bd3 g6 5. h3 Bg7 6. Nf3 Nc6 7. c3 Nh6 8. O-O
Bf5 9. Bxh6 Bxh6 10. Bxf5 gxf5 11. Ne5 Nxe5 12. dxe5 e6 13. Qa4+ Qd7 14. Qxd7+
Kxd7 15. Na3 f4 16. Rad1 Bg7 17. Rfe1 f6 18. exf6 Bxf6 19. Re4 f3 20. Rf4 Be7
21. Rxf3 Bxa3 22. bxa3 b5 23. Rf7+ Kd6 24. Re1 a5 25. Rf6 Rae8 26. Rb1 Kc5 27.
Rf7 e5 28. Rb7 Rb8 29. R1xb5+ Kc4 30. Rxb8 Rxb8 31. Rxb8 Kxc3 32. Kf1 d4 33.
Ke1 e4 34. h4 Kc2 35. Rc8+ 1-0

[Event "Championnat de France Juniors"]
[Site "MONTBELIARD"]
[Date "2014.04.24"]
[Round "6.10"]
[White "Haller, Noemie"]
[Black "Sonet, Laury"]
[Result "1-0"]
[WhiteElo "1631"]
[BlackElo "1280"]
[PlyCount "45"]
[EventDate "2014.??.??"]

1. e4 Nc6 2. d4 e5 3. Nf3 Nf6 4. Bc4 Nxe4 5. dxe5 Bc5 6. Qd5 O-O 7. Qxe4 Qe8 8.
O-O d6 9. Bf4 a6 10. Nc3 Be6 11. Bd3 g6 12. Bh6 Bf5 13. Qh4 Qe7 14. Qxe7 Nxe7
15. Bxf8 Rxf8 16. Bxf5 Nxf5 17. Nd5 c6 18. Nf6+ Kg7 19. Nd7 Rd8 20. Nxc5 dxc5
21. Rad1 Re8 22. Rd7 b5 23. Rfd1 1-0

[Event "Championnat de France Juniors"]
[Site "MONTBELIARD"]
[Date "2014.04.25"]
[Round "7.6"]
[White "Afraoui, Solenn"]
[Black "Gennesseaux, Gabrielle"]
[Result "1-0"]
[WhiteElo "2012"]
[BlackElo "1799"]
[PlyCount "75"]
[EventDate "2014.??.??"]

1. e4 e5 2. Nf3 Nc6 3. Bc4 g6 4. d3 Bg7 5. Nc3 Nge7 6. a3 O-O 7. Bg5 h6 8. Be3
d6 9. h3 Kh7 10. d4 exd4 11. Nxd4 f5 12. Nxc6 Nxc6 13. exf5 Bxf5 14. Qd2 a6 15.
O-O-O Ne5 16. Bb3 b5 17. f4 Nc4 18. Bxc4 bxc4 19. Bd4 Be6 20. Bxg7 Kxg7 21. g4
Kh7 22. Rde1 Bd7 23. Qd4 Bc6 24. Rhf1 Rb8 25. f5 Qg5+ 26. Kb1 gxf5 27. gxf5
Rbe8 28. Qxc4 Rxe1+ 29. Rxe1 Be8 30. Qxc7+ Bf7 31. Qxd6 Qxf5 32. Qd3 Qxd3 33.
cxd3 Bg6 34. Re3 Rf2 35. Ne4 Rf1+ 36. Kc2 Rf7 37. Kd2 Rd7 38. Nf6+ 1-0

[Event "Championnat de France Juniors"]
[Site "MONTBELIARD"]
[Date "2014.04.25"]
[Round "7.7"]
[White "Lebret, Loriane"]
[Black "Monpeurt, Cyrielle"]
[Result "0-1"]
[WhiteElo "1686"]
[BlackElo "2028"]
[PlyCount "47"]
[EventDate "2014.??.??"]

1. e4 e5 2. Nf3 Nc6 3. Bb5 a6 4. Ba4 Nf6 5. O-O Be7 6. Re1 b5 7. Bb3 O-O 8. d3
d6 9. h3 Na5 10. Nbd2 Bb7 11. c3 Nxb3 12. Qxb3 c5 13. Nf1 Nh5 14. d4 cxd4 15.
cxd4 d5 16. dxe5 dxe4 17. N3d2 Qd4 18. Qe3 Qxe5 19. Nxe4 Rae8 20. Nc3 Qf6 21.
Nh2 Bc5 22. Qd2 Qg6 23. g4 Qc6 24. Qd1 0-1

[Event "Championnat de France Juniors"]
[Site "MONTBELIARD"]
[Date "2014.04.25"]
[Round "7.8"]
[White "Lecland, Elodie"]
[Black "Griggio, Julie"]
[Result "1-0"]
[WhiteElo "1691"]
[BlackElo "1847"]
[PlyCount "97"]
[EventDate "2014.??.??"]

1. e4 e6 2. d4 d5 3. exd5 exd5 4. Bd3 Nf6 5. h3 Bd6 6. Qf3 h6 7. Ne2 Nc6 8. c3
Be6 9. Bf4 Qe7 10. Bxd6 Qxd6 11. Qg3 O-O-O 12. Qxd6 Rxd6 13. Ng3 g6 14. Nd2 Nh7
15. O-O-O f5 16. Rde1 Nf6 17. f3 Re8 18. Re2 Bf7 19. Rxe8+ Nxe8 20. Ne2 Ng7 21.
g4 Ne7 22. Ng3 h5 23. gxh5 Nxh5 24. Nxh5 gxh5 25. h4 f4 26. Rg1 Bg6 27. Kc2 Kd7
28. Rg5 Bxd3+ 29. Kxd3 Rh6 30. Nb3 b6 31. Nc1 c6 32. Ne2 Ng6 33. Rf5 Ke6 34.
Rg5 Kf6 35. Rg1 Nxh4 36. Nxf4 Kf5 37. Ke3 Rh7 38. Nh3 Re7+ 39. Kf2 Rh7 40. Rg5+
Kf6 41. Kg3 Nf5+ 42. Kf4 Ng7 43. Re5 Ne6+ 44. Rxe6+ Kxe6 45. Ng5+ Kf6 46. Nxh7+
Kg6 47. Ng5 h4 48. Kg4 h3 49. Nxh3 1-0

[Event "Championnat de France Juniors"]
[Site "MONTBELIARD"]
[Date "2014.04.25"]
[Round "7.10"]
[White "Sonet, Laury"]
[Black "Colin, Phanie"]
[Result "0-1"]
[WhiteElo "1280"]
[BlackElo "1745"]
[PlyCount "64"]
[EventDate "2014.??.??"]

1. d4 Nf6 2. c4 c5 3. Nf3 cxd4 4. Nxd4 e5 5. Nc2 d5 6. e3 Bc5 7. cxd5 O-O 8.
Nc3 Bf5 9. Bc4 Qe7 10. O-O e4 11. a3 Nbd7 12. b4 Bd6 13. Nd4 Qe5 14. f4 exf3
15. g3 Bh3 16. Rxf3 Bg4 17. Be2 Bxf3 18. Bxf3 Rac8 19. Nce2 Nxd5 20. Bxd5 Qxd5
21. Bd2 Qe4 22. Nb5 Bb8 23. Nbc3 Qg4 24. Be1 Ne5 25. Kg2 Qf3+ 26. Kg1 Qxe3+ 27.
Bf2 Qh6 28. Rc1 Ng4 29. Kf1 Nxf2 30. Kxf2 Qxh2+ 31. Kf1 Bxg3 32. Nxg3 Qxg3 0-1

[Event "Championnat de France Juniors"]
[Site "MONTBELIARD"]
[Date "2014.04.26"]
[Round "8.6"]
[White "Monpeurt, Cyrielle"]
[Black "Haddad, Samia"]
[Result "1-0"]
[WhiteElo "2028"]
[BlackElo "1637"]
[PlyCount "55"]
[EventDate "2014.??.??"]

1. e4 e6 2. d4 d5 3. Nc3 Bb4 4. Nge2 Nc6 5. a3 Ba5 6. e5 Nge7 7. Ng3 O-O 8. Be2
f6 9. exf6 Rxf6 10. Bg5 Rf8 11. O-O Qe8 12. Bh5 Qd7 13. Nce2 Nf5 14. c3 Nd6 15.
Qd3 Ne7 16. Rae1 h6 17. Bc1 Rf6 18. Nf4 Qb5 19. Qc2 Ndf5 20. Nxf5 Nxf5 21. Re2
Qc4 22. b4 Bb6 23. Rfe1 g5 24. Ng6 Ng7 25. Ne5 Qb5 26. a4 Qa6 27. Bg6 c6 28.
Bd3 1-0

[Event "Championnat de France Juniors"]
[Site "MONTBELIARD"]
[Date "2014.04.26"]
[Round "8.7"]
[White "Soriano, Manon"]
[Black "Afraoui, Solenn"]
[Result "1-0"]
[WhiteElo "1615"]
[BlackElo "2012"]
[PlyCount "129"]
[EventDate "2014.??.??"]

1. d4 Nf6 2. Nc3 d5 3. e3 c5 4. h3 Nc6 5. Nf3 h6 6. Ne5 c4 7. Nxc6 bxc6 8. b3
cxb3 9. axb3 e6 10. Ba3 Qa5 11. Bb2 Qc7 12. Bd3 Be7 13. O-O O-O 14. Ba3 Bxa3
15. Rxa3 Qe7 16. Ra1 c5 17. Ra5 cxd4 18. exd4 Qb4 19. Qa1 Kh8 20. Ne2 Qb6 21.
Qa3 Rd8 22. Ra1 Rd7 23. Qf8+ Ng8 24. Qa3 Rc7 25. Rb5 Qc6 26. Rc5 Qd6 27. Rxc7
Qxc7 28. Qa5 Qd7 29. Qc5 a6 30. Bb5 Qe7 31. Qxe7 Nxe7 32. c4 Bb7 33. Ba4 dxc4
34. bxc4 Rc8 35. Rc1 Kg8 36. f4 Be4 37. Rc3 Rd8 38. g4 Rc8 39. Kf2 Rc7 40. h4
Bb7 41. Bb3 g6 42. Ke3 Bg2 43. Kd2 Kf8 44. Bd1 Ng8 45. g5 h5 46. Ng1 Ne7 47.
Bf3 Bxf3 48. Nxf3 Nf5 49. Kd3 Ke7 50. c5 Ke8 51. Ra3 Ra7 52. Ke4 Ne7 53. Ke5
Nd5 54. c6 Nc7 55. Rb3 Nb5 56. d5 exd5 57. Kxd5 Re7 58. Ne5 Re6 59. Kc5 Ke7 60.
Kb6 Rd6 61. Kb7 Rd1 62. Kxa6 Nc7+ 63. Kb7 Ne8 64. c7 Rc1 65. Nc6+ 1-0

[Event "Championnat de France Juniors"]
[Site "MONTBELIARD"]
[Date "2014.04.26"]
[Round "8.8"]
[White "Gennesseaux, Gabrielle"]
[Black "Lecland, Elodie"]
[Result "0-1"]
[WhiteElo "1799"]
[BlackElo "1691"]
[PlyCount "142"]
[EventDate "2014.??.??"]

1. e4 e6 2. d3 d5 3. Qe2 dxe4 4. dxe4 e5 5. Nf3 Bd6 6. g3 Nf6 7. Bg2 O-O 8. O-O
Nbd7 9. Nc3 c6 10. Bg5 Qc7 11. Rad1 h6 12. Bc1 Bb4 13. Nb1 a5 14. c3 Bc5 15.
Nbd2 b5 16. Rfe1 Bb6 17. Nh4 Nc5 18. Nf1 Bg4 19. Bf3 Bh3 20. Qc2 Bxf1 21. Kxf1
Rfd8 22. Nf5 Rxd1 23. Rxd1 Rd8 24. Rxd8+ Qxd8 25. Be3 Na4 26. c4 Bxe3 27. Nxe3
Qd4 28. cxb5 cxb5 29. Qc8+ Kh7 30. Qf5+ Kg8 31. b3 Nc5 32. Qc8+ Kh7 33. Nf5
Qd3+ 34. Kg2 Ne6 35. Qb7 Qd7 36. Qxd7 Nxd7 37. Nd6 Nd4 38. Nxf7 Kg6 39. Nd6 Nc5
40. Bd1 Kf6 41. f3 Nd3 42. Nb7 Nb2 43. b4 a4 44. Bxa4 Nxa4 45. f4 Nc3 46. Nc5
Nxa2 47. Nd7+ Ke6 48. Nc5+ Ke7 49. Nd3 exf4 50. gxf4 Nc2 51. Kf3 Naxb4 52. Ne5
Nd4+ 53. Ke3 Nbc6 54. Ng4 b4 55. Kd3 Nf3 56. h3 Ke6 57. Ne3 Ng1 58. h4 Nf3 59.
Nf5 Kf6 60. h5 Ne1+ 61. Kc4 Ng2 62. Nd6 Nxf4 63. Ne8+ Kf7 64. Nd6+ Ke7 65. Nf5+
Kf6 66. Ng3 Kg5 67. Kc5 b3 68. Nf1 b2 69. Nd2 Ne5 70. Kd4 Nfd3 71. Nb1 Kxh5 0-1

[Event "Championnat de France Juniors"]
[Site "MONTBELIARD"]
[Date "2014.04.26"]
[Round "8.9"]
[White "Griggio, Julie"]
[Black "Sonet, Laury"]
[Result "0-1"]
[WhiteElo "1847"]
[BlackElo "1280"]
[PlyCount "103"]
[EventDate "2014.??.??"]

1. e4 e5 2. Nf3 Nc6 3. Nc3 Nf6 4. d4 d6 5. dxe5 dxe5 6. Qxd8+ Kxd8 7. Bg5 h6 8.
O-O-O+ Bd7 9. Bxf6+ gxf6 10. Bc4 Rh7 11. Nd5 Be7 12. Bb5 a6 13. Bxc6 bxc6 14.
Nxe7 Kxe7 15. Rd3 Rg7 16. g3 Bg4 17. Nh4 Be6 18. Rc3 Bd7 19. Rd1 Rd8 20. Rcd3
Rgg8 21. Nf5+ Bxf5 22. Rxd8 Rxd8 23. Rxd8 Kxd8 24. exf5 Kd7 25. Kd2 Kd6 26. Kd3
Kd5 27. f3 a5 28. a3 c5 29. c4+ Kc6 30. Ke4 Kd6 31. g4 c6 32. h3 Ke7 33. Ke3
Kd6 34. Kf2 Ke7 35. Kg3 Kf8 36. Kh4 Kg7 37. Kh5 Kh7 38. h4 Kg7 39. b3 Kh7 40.
g5 hxg5 41. hxg5 fxg5 42. Kxg5 Kg7 43. f6+ Kf8 44. Kf5 Ke8 45. Kxe5 Kd7 46. Kf5
Kd6 47. Kg5 Ke5 48. f4+ Kd6 49. Kh6 Kd7 50. Kg7 Ke8 51. Kg8 Kd7 52. Kxf7 0-1

[Event "Championnat de France Juniors"]
[Site "MONTBELIARD"]
[Date "2014.04.26"]
[Round "8.10"]
[White "Haller, Noemie"]
[Black "Lebret, Loriane"]
[Result "0-1"]
[WhiteElo "1631"]
[BlackElo "1686"]
[PlyCount "74"]
[EventDate "2014.??.??"]

1. e4 g6 2. d4 Bg7 3. Nf3 d6 4. c4 c5 5. Nc3 Nd7 6. Be2 Ngf6 7. O-O O-O 8. Rb1
cxd4 9. Nxd4 Nc5 10. f3 a6 11. Be3 Ne6 12. Nd5 Bd7 13. Nxe6 Bxe6 14. Qb3 Nxd5
15. cxd5 Bc8 16. Bb6 Qe8 17. Bc7 b5 18. Rfc1 Bd7 19. Qb4 Bh6 20. Rc2 Be3+ 21.
Kf1 Bc5 22. Qa5 f5 23. e5 e6 24. exd6 Bd4 25. dxe6 Qxe6 26. Re1 Qf6 27. Qd2 g5
28. Rd1 Be5 29. b3 Bxh2 30. Rc5 Bf4 31. Qd5+ Be6 32. Qd3 Qh6 33. Qd4 Qh1+ 34.
Qg1 Qxg1+ 35. Kxg1 Be3+ 36. Kf1 Bxc5 37. d7 Be7 0-1

[Event "Championnat de France Juniors"]
[Site "MONTBELIARD"]
[Date "2014.04.27"]
[Round "9.6"]
[White "Monpeurt, Cyrielle"]
[Black "Haller, Noemie"]
[Result "1-0"]
[WhiteElo "2028"]
[BlackElo "1631"]
[PlyCount "75"]
[EventDate "2014.??.??"]

1. e4 e6 2. d4 d5 3. Nc3 Bb4 4. Nge2 dxe4 5. a3 Bxc3+ 6. Nxc3 Nf6 7. g4 h6 8.
Bg2 e5 9. g5 Bg4 10. f3 exf3 11. Bxf3 Bxf3 12. Qxf3 hxg5 13. dxe5 Nh7 14. Qxb7
Nd7 15. Nd5 O-O 16. Be3 Re8 17. O-O-O Rb8 18. Qxc7 Nxe5 19. Bxa7 Rc8 20. Qxd8
Rexd8 21. Ne7+ Kf8 22. Nxc8 Rxc8 23. Rd5 Ng4 24. Rhd1 Ke8 25. Re1+ Kf8 26. Bc5+
Kg8 27. Red1 Nhf6 28. Rd8+ Rxd8 29. Rxd8+ Kh7 30. a4 Ne4 31. Bg1 Ne5 32. a5 Nc6
33. a6 f5 34. Rc8 Na7 35. Bxa7 f4 36. Bd4 f3 37. a7 f2 38. Bxf2 1-0

[Event "Championnat de France Juniors"]
[Site "MONTBELIARD"]
[Date "2014.04.27"]
[Round "9.8"]
[White "Lebret, Loriane"]
[Black "Colin, Phanie"]
[Result "0-1"]
[WhiteElo "1686"]
[BlackElo "1745"]
[PlyCount "74"]
[EventDate "2014.??.??"]

1. e4 c5 2. c3 g6 3. Nf3 Bg7 4. d4 cxd4 5. cxd4 d5 6. exd5 Nf6 7. Nc3 Nxd5 8.
Bc4 Nb6 9. Bb3 Nc6 10. d5 Na5 11. O-O Bxc3 12. bxc3 Nxb3 13. axb3 Qxd5 14. Bh6
Qxd1 15. Rfxd1 Bg4 16. Rd3 Bxf3 17. Rxf3 f6 18. Re1 Kf7 19. g4 Rhd8 20. h4 Rd7
21. Bc1 Rad8 22. Rfe3 Nc8 23. Ba3 Rd1 24. Rxd1 Rxd1+ 25. Kg2 Ra1 26. Bb2 Rb1
27. Re2 Nd6 28. c4 a6 29. c5 Ne8 30. b4 Nc7 31. Rd2 Ke6 32. Rc2 Nd5 33. c6 bxc6
34. Rxc6+ Kd7 35. Rc2 Nxb4 36. Rd2+ Ke8 37. Re2 Nd3 0-1

[Event "Championnat de France Juniors"]
[Site "MONTBELIARD"]
[Date "2014.04.27"]
[Round "9.9"]
[White "Sonet, Laury"]
[Black "Soriano, Manon"]
[Result "0-1"]
[WhiteElo "1280"]
[BlackElo "1615"]
[PlyCount "112"]
[EventDate "2014.??.??"]

1. d4 f5 2. Nf3 g6 3. Nc3 Nf6 4. Bf4 Bg7 5. e3 d6 6. Be2 O-O 7. Qd3 e6 8. O-O
Nbd7 9. Rad1 a6 10. h3 Qe8 11. Rfe1 b5 12. a3 e5 13. dxe5 dxe5 14. Bh2 e4 15.
Qd2 exf3 16. Bxf3 Ra7 17. e4 fxe4 18. Nxe4 Qf7 19. Qe3 Nb6 20. Ng5 Qc4 21. Be2
Qc6 22. Bf3 Qxc2 23. Rd2 Nc4 24. Rxc2 Nxe3 25. Rxe3 Bf5 26. Rxc7 Rxc7 27. Bxc7
Rc8 28. Ba5 Bh6 29. h4 Bg4 30. Bb7 Rc1+ 31. Kh2 Bf5 32. Bc3 Ng4+ 33. Kg3 Nxe3
34. fxe3 Bxg5 35. hxg5 Bd7 36. Bd5+ Kf8 37. e4 Rd1 38. Bb3 Rd3+ 39. Kf4 a5 40.
Bd5 Rd1 41. Bxa5 Rg1 42. e5 Rf1+ 43. Ke3 Rf5 44. Ke4 Rxg5 45. Kf4 Rf5+ 46. Ke4
Ke8 47. g4 Rg5 48. Kf4 Rxg4+ 49. Ke3 h5 50. Bf3 Rg1 51. Bb6 h4 52. Kf4 g5+ 53.
Ke4 Re1+ 54. Be3 Bc6+ 55. Kf5 Bxf3 56. Bxg5 h3 0-1